| 000 | 01619nam0a2200325 4500 | ||
|---|---|---|---|
| 001 | RU\NLR\bibl\1208761 | ||
| 005 | 20260409075105.0 | ||
| 010 |
_a978-5-7731-0173-4 _9500 |
||
| 021 |
_aRU _b2008-9791 _9546 |
||
| 035 | _a(NLR Aleph) 001195198 | ||
| 090 |
_a1742425 _c1742425 |
||
| 100 | _a20080401d2007 |||y0rusy50 ca | ||
| 101 | 0 | _arus | |
| 102 | _aRU | ||
| 105 | _aa ||||||||| | ||
| 200 | 1 |
_aРейтинговая оценка деятельности структурных подразделений как элемент системы мониторинга качества образования в университете _fВ.Н. Фролов, Э.Д. Поликарпов _gГОУВПО "Воронеж. гос. техн. ун-т" |
|
| 210 |
_aВоронеж _cВоронежский государственный технический университет _d2007 |
||
| 215 |
_a184 с. _cил. _d21 |
||
| 320 | _aБиблиогр.: с. 179-183 (39 назв.) | ||
| 606 | 1 |
_aВысшее образование _xКачество _xМониторинг _92452650 _3RU\NLR\auth\661458134 |
|
| 606 |
_aВысшие учебные заведения _xУправление _3RU\NLR\auth\661382894 _92310623 |
||
| 686 | _aЧ481.28 | ||
| 686 | _aЧ484(0)к | ||
| 700 | 1 |
_4070 _8rus _7ca _aФролов _bВ. Н. _f1937- _cд-р техн. наук _gВадим Николаевич _3RU\NLR\auth\7727933 _910964 |
|
| 701 | 1 |
_aПоликарпов _bЭ. Д. _gЭдуард Дмитриевич _4070 |
|
| 801 | 0 |
_aRU _bNLR _c20080401 _gRCR |
|
| 801 | 1 |
_aRU _bNLR _c20080401 |
|
| 942 | _cBOOK | ||
| 980 | _aNB | ||